| 000 | 00566nab a2200193 a 4500 | ||
|---|---|---|---|
| 005 | 20210223125836.0 | ||
| 008 | 991125s1985 mx 000 0 spa u | ||
| 035 | _aUPN01000143171 | ||
| 100 | 1 |
_aRama, Claudio, _d1954- _930879 |
|
| 222 | _aREVISTA DE LA EDUCACION SUPERIOR | ||
| 245 | _aLa política de educación superior en América Latina y el Caribe | ||
| 260 | _aMéxico | ||
| 300 | _a47-62 | ||
| 362 | 0 | _a2005 Vol. 34(2), no. 134, abr.-jun. | |
| 653 | 0 | _aEDUCACION SUPERIOR | |
| 653 | 0 | _aPOLITICA EDUCATIVA | |
| 653 | 0 | _aAUTONOMIA | |
| 905 | _aArticulo | ||
| 999 |
_c115318 _d115318 |
||